| 000 | 00528nam a22001937a 4500 | ||
|---|---|---|---|
| 001 | 00028178 | ||
| 005 | 20260212140457.0 | ||
| 008 | 260212b ag ||||| |||| 00| 0 spa d | ||
| 020 | _a9507011307 | ||
| 040 |
_bspa _cAR-CcCEOS |
||
| 080 | _a372.46 | ||
| 090 | _bROS | ||
| 100 |
_aMaría Matilde Del Rosso _9474 |
||
| 245 |
_aLa tarea de corregir : _bLos trabajos de lengua / _cMaría Matilde Del Rosso |
||
| 250 | _a1a ed. | ||
| 260 |
_aBuenos Aires : _bAique, _c1992. |
||
| 300 |
_a101 p. ; _c22x16 cm. |
||
| 942 |
_2udc _cBK |
||
| 999 |
_c28193 _d28193 |
||
| 945 |
_a66467 _bMelina Rolando _c66467 _dMelina Rolando |
||